000 01028nam1a22002411 4500
001 rc\883062
005 20041129093758.5
035 _a(NLR Aleph) 006240849
090 _a6664782
_c6664782
100 _a20041129g19839999u |0rusy50 ca
101 0 _arus
102 _aRU
105 _ay |||||||||
200 1 _aВременные методические рекомендации по контролю загрязнения почв
_fГос. ком. СССР по гидрометеорологии и контролю природ. среды, Ин-т эксперим. метеорологии
_gПод ред. к. ф.-м. н. С.Г. Малахова
210 _aМ.
_cГидрометеоиздат. Моск. отд-ние
_d1983-
215 _d21
702 1 _aМалахов
_bС. Г.
_4340
712 0 2 _aИнститут эксперим. метеорологии
_cОбнинск
_3RU\NLR\AUTH\889948644
801 0 _aRU
_bNLR
_gpsbo
801 1 _aRU
_bELAR
_2rusmarc
852 _aNLR
_j85-5/330
942 _cBOOK
980 _aNB